علم الضوء (مبادئ و تجارب ميسرة) / (رقم التسجيلة. 31303)

تفاصيل مارك
000 -LEADER
fixed length control field 00669nam a22002057a 4500
005 - DATE AND TIME OF LATEST TRANSACTION
control field 20251108165803.0
008 - FIXED-LENGTH DATA ELEMENTS--GENERAL INFORMATION
fixed length control field 250721s1982 xx 000 0 ara d
082 14 - DEWEY DECIMAL CLASSIFICATION NUMBER
Classification number ط/535/بول
100 1# - MAIN ENTRY--PERSONAL NAME
Personal name بول، دورثي
Relator term مؤلف
245 10 - TITLE STATEMENT
Title علم الضوء (مبادئ و تجارب ميسرة) /
264 1# - PRODUCTION, PUBLICATION, DISTRIBUTION, MANUFACTURE, AND COPYRIGHT NOTICE
Place of production, publication, distribution, manufacture بيروت :
Name of producer, publisher, distributor, manufacturer مكتبة لبنان،
Date of production, publication, distribution, manufacture, or copyright notice 1982.
300 ## - PHYSICAL DESCRIPTION
Extent 51ص : مص
490 0# - SERIES STATEMENT
Series statement سلسلة العلوم للناشئين
650 17 - SUBJECT ADDED ENTRY--TOPICAL TERM
Topical term or geographic name as entry element الضوء
653 ## - INDEX TERM--UNCONTROLLED
Uncontrolled term ناشؤون كبار (15-18) سنه
700 1# - ADDED ENTRY--PERSONAL NAME
Personal name الخطيب، أحمد شفيق
Relator term ترجمة
700 1# - ADDED ENTRY--PERSONAL NAME
Personal name بالمر، داود
Relator term رسام
942 ## - ADDED ENTRY ELEMENTS (KOHA)
Source of classification or shelving scheme Dewey Decimal Classification
Koha item type كتب
المقتنيات
حالة السحب حالة الفقدان مصدر التصنيف حالة التلف غير قابل للإعارة المكتبة الرئيسية المكتبة الحالية موقع الرف تاريخ التزويد الرقم المتسلسل Total Checkouts رقم الإستدعاء تاريخ آخر ظهور تاريخ الفاتورة نوع المادة (كوها) الباركود
    Dewey Decimal Classification     مكتبة الأميرة سلمى مكتبة الأميرة سلمى الأطفال 28/07/2025 568913   ط/535/بول 28/07/2025 28/07/2025 كتب 568913
    Dewey Decimal Classification Unchecked   مكتبة البراءة للأطفال مكتبة البراءة للأطفال الأطفال 28/07/2025 366753   ط/535/بول 28/07/2025 28/07/2025 كتب  
    Dewey Decimal Classification     مكتبة البراعم الواعدة مكتبة البراعم الواعدة الأطفال 27/07/2015 1603143   ط/535/بول 28/07/2025 27/07/2015 كتب PLD00339221
    Dewey Decimal Classification     مكتبة الراية الهاشمية للأطفال مكتبة الراية الهاشمية للأطفال الأطفال 13/09/2015 296106   ط/535/بول 28/07/2025 13/09/2015 كتب PLD00346425
    Dewey Decimal Classification     مكتبة الياسمين للأطفال مكتبة الياسمين للأطفال الأطفال 23/03/2014 557297   ط/535/بول 28/07/2025 23/03/2014 كتب PLD00295916
    Dewey Decimal Classification     مكتبة بدر الجديدة للأطفال مكتبة بدر الجديدة للأطفال الأطفال 12/10/2015 400322   ط/535/بول 28/07/2025 12/10/2015 كتب PLD00355277
    Dewey Decimal Classification     مكتبة حمزة العامة مكتبة حمزة العامة   13/05/2009 1273210   ط/535/بول 28/07/2025 13/05/2009 كتب PLD00089393
    Dewey Decimal Classification     مكتبة وادي السير العامة مكتبة وادي السير العامة   13/05/2009 1273209   ط/535/بول 28/07/2025 13/05/2009 كتب PLD00089392
    Dewey Decimal Classification     مكتبة ومركز فرح مكتبة ومركز فرح   13/05/2009 1273213   ط/535/بول 28/07/2025 13/05/2009 كتب PLD00089396
    Dewey Decimal Classification     مكتبةمؤتة مكتبةمؤتة   13/05/2009 1273211   ط/535/بول 28/07/2025 13/05/2009 كتب PLD00089394
Implemented & Customized by: BBB with SCIT (Smart Chains for Information Technology)

Powered by Koha